Cities with Allianz-sponsored Stadiums - Statistics

General Stats
  • This quiz has been taken 38 times
    12 since last reset
  • The average score is 5 of 8
Answer Stats
Hint City % Correct
Allianz Arena - In the home city of Allianz and Germany's most successful football club. Munich
91%
Allianz Stadion - Its first match was a friendly between Austria's most successful club and Chelsea. Vienna
91%
Allianz Stadium - Another giant of European football, Juventus, calls this stadium home. Turin
82%
Allianz Riviera - Opened in 2013 and named for France's southeast region. Nice
64%
Allianz Parque - Home of one of South America's most popular football clubs in Palmeiras. Sao Paulo
64%
Allianz Stadium - Houses the headquarters of the Rugby Football Union. London
55%
Allianz Stadium - Rebuilt in 2022, hosting Australian rugby league's Roosters and union's Waratahs. Sydney
55%
Allianz Field - Fit for an MLS expansion team, in the lesser-known of the Twin Cities. St Paul
45%
No matching quizzes found
Score Distribution
Percent of People with Each Score
Percentile by Number Answered
Your Score History
You have not taken this quiz since the last reset